| 000 | 01470cam a2200241 4500 | ||
|---|---|---|---|
| 001 | ABS66439 | ||
| 008 | 030305n2003 000 0 eng u | ||
| 035 | _a(Sirsi) u121527 | ||
| 100 | _aCowans, J. | ||
| 245 | 2 | _aA new market force to be reckoned with | |
| 260 | _c2003 | ||
| 490 |
_aAxis _v57(5) January/February 2003, 14-15(2) |
||
| 520 | _aLooks at the growing demand and need for intermediate housing, a market particularly suited to younger, working, lower income people in need of affordable, good-quality one-and-two bedroomed flats, often in the city centre. This group is not usually eligible for social housing and has not been well served by the private rented sector. Focuses on the City Centre Apartments for Single People at Affordable Rents (CASPAR) concept with demonstrator schemes in Birmingham and Leeds which have been a hit with clients and have had a positive effect on the locations. Private sector investors are now being attracted by the 6-8% revenue yields associated with these schemes and the involvement of housing associations in such market renting can only be a matter of time. | ||
| 590 | _aABS | ||
| 650 | _aINTERMEDIATE HOUSING | ||
| 650 | _aSOCIAL HOUSING | ||
| 650 | _aMARKET RENTING | ||
| 650 | _aHOUSING ASSOCIATIONS | ||
| 650 | _aCITY CENTRE APARTMENTS FOR SINGLE PEOPLE AT AFFORDABLE RENTS | ||
| 650 | _aPRIVATE RENTED SECTOR | ||
| 690 | _aPROPERTY-RESIDENTIAL PROPERTY-RESIDENTIAL PROPERTY MARKET | ||
| 942 | _n0 | ||
| 999 |
_c72230 _d72230 |
||